00721cam a22001814a 45000010009000000050017000090080041000260200015000670500024000820820017001061000028001232450098001512600047002493000021002966500048003178560083003658560091004481337517120250225131437.0031016s2004 ilu b 000 0 eng  a080243147X00aBV4526.3b.Y68 200400a248.8/452221 aYoung, H. Edwin,d1936-14aThe 10 commandments of parenting :bthe do's and don'ts of raising great kids /cby Ed Young. aChicago, Ill. :bMoody Publishers,cc2004. a214 p. ;c24 cm. 0aParentingxReligious aspectsxChristianity.413Table of contents onlyuhttp://www.loc.gov/catdir/toc/ecip0410/2003022654.html423Publisher descriptionuhttp://www.loc.gov/catdir/enhancements/fy0614/2003022654-d.html